<?xml version="1.0" encoding="UTF-8"?>
<record
    xmlns:xsi="http://www.w3.org/2001/XMLSchema-instance"
    xsi:schemaLocation="http://www.loc.gov/MARC21/slim http://www.loc.gov/standards/marcxml/schema/MARC21slim.xsd"
    xmlns="http://www.loc.gov/MARC21/slim">

  <leader>00559nam a2200193Ia 4500</leader>
  <controlfield tag="003">SISC</controlfield>
  <controlfield tag="005">20180912131930.0</controlfield>
  <controlfield tag="008">180905s9999    xx            000 0 und d</controlfield>
  <datafield tag="020" ind1=" " ind2=" ">
    <subfield code="a">9781523094165</subfield>
  </datafield>
  <datafield tag="050" ind1=" " ind2=" ">
    <subfield code="a">HM 671 </subfield>
    <subfield code="b">.W614 2018</subfield>
  </datafield>
  <datafield tag="100" ind1=" " ind2=" ">
    <subfield code="a">Whitman, Gordon</subfield>
  </datafield>
  <datafield tag="245" ind1=" " ind2=" ">
    <subfield code="c">Gordon Whitman</subfield>
    <subfield code="a">Stand up!</subfield>
    <subfield code="b">how to get involved, speak out, and win in a world on fire/</subfield>
  </datafield>
  <datafield tag="260" ind1=" " ind2=" ">
    <subfield code="a">Oakland :</subfield>
    <subfield code="b">Berret-Koehler Publisher,</subfield>
    <subfield code="c">2018</subfield>
  </datafield>
  <datafield tag="300" ind1=" " ind2=" ">
    <subfield code="a">188 pages :</subfield>
    <subfield code="c">22 cm.</subfield>
  </datafield>
  <datafield tag="500" ind1=" " ind2=" ">
    <subfield code="a">Inludes index.</subfield>
  </datafield>
  <datafield tag="650" ind1=" " ind2=" ">
    <subfield code="a">Social action</subfield>
  </datafield>
  <datafield tag="942" ind1=" " ind2=" ">
    <subfield code="2">lcc</subfield>
    <subfield code="c">BK</subfield>
  </datafield>
  <datafield tag="999" ind1=" " ind2=" ">
    <subfield code="c">358531</subfield>
    <subfield code="d">358531</subfield>
  </datafield>
  <datafield tag="952" ind1=" " ind2=" ">
    <subfield code="0">0</subfield>
    <subfield code="1">0</subfield>
    <subfield code="4">0</subfield>
    <subfield code="a">LUX</subfield>
    <subfield code="b">LUX</subfield>
    <subfield code="c">TR</subfield>
    <subfield code="d">2018-09-05</subfield>
    <subfield code="e">Library fund</subfield>
    <subfield code="l">0</subfield>
    <subfield code="o">HM671 .W614 2018</subfield>
    <subfield code="p">20544</subfield>
    <subfield code="r">2018-09-05 00:00:00</subfield>
    <subfield code="w">2018-09-05</subfield>
    <subfield code="y">BK</subfield>
  </datafield>
</record>
